000 00518nam a2200169Ia 4500
999 _c27138
_d27138
003 OSt
005 20201211101526.0
008 190216s9999||||xx |||||||||||||| ||und||
040 _coclc
082 _a894.812
_bPIL/P
100 _aPillai, P Govinda
_96803
245 0 _aPoonthanam Muthal Simon Vare /
_cP Govinda Pillai
260 _bCalicut University Publications,
_aCalicut:
_c1995.
300 _a68p
650 _aSahithya Vimarshanam
942 _cBK
_2ddc
_h894.812
_iPIL/P
_k894.812
_mPIL/P